A BOOK OF HISTORICAL METHOD AND HISTORIOGRAPHY (Record no. 25579)

MARC details
000 -LEADER
fixed length control field 00354nam a2200133Ia 4500
005 - DATE AND TIME OF LATEST TRANSACTION
control field 20250409181611.0
008 - FIXED-LENGTH DATA ELEMENTS--GENERAL INFORMATION
fixed length control field 250409s9999||||xx |||||||||||||| ||und||
100 ## - MAIN ENTRY--PERSONAL NAME
Personal name G.KRISHNAN NADAR
245 #2 - TITLE STATEMENT
Title A BOOK OF HISTORICAL METHOD AND HISTORIOGRAPHY
260 ## - PUBLICATION, DISTRIBUTION, ETC.
Name of publisher, distributor, etc. G. KRISHNAN NADAR
Place of publication, distribution, etc. THIRUVANANTHAPURAM
300 ## - PHYSICAL DESCRIPTION
Extent 559.P
650 ## - SUBJECT ADDED ENTRY--TOPICAL TERM
Form subdivision History
942 ## - ADDED ENTRY ELEMENTS (KOHA)
Koha item type BOOK
Holdings
Withdrawn status Lost status Damaged status Not for loan Collection Home library Current library Shelving location Date acquired Total checkouts Full call number Barcode Date last seen Price effective from Koha item type
        History St.Dominics College Library St.Dominics College Library Reference 04/09/2025   907.2 KRI 34394 04/09/2025 04/09/2025 REFERENCE BOOK